00378cam a2200157ua 45000010005000000080039000050400009000440820013000531000021000662450038000872500009001252600032001343000016001666530019001826530019002012769110907n ii |||gr||||Z||||||asm cMAIN a891.45121 aBharali, Sailen,11aTragedy bicharcby Sailen Bharali a3rd. aGuahati:bBani Prakash,983. a83p:c23cm. aAssamese drama aTragedy bichar